|
|
|
|
| LEADER |
00000caa a22000002c 4500 |
| 001 |
1636817602 |
| 003 |
DE-627 |
| 005 |
20220608113459.0 |
| 007 |
tu |
| 008 |
140311s1992 xx ||||| 00| ||ger c |
| 035 |
|
|
|a (DE-627)1636817602
|
| 035 |
|
|
|a (DE-576)402162587
|
| 035 |
|
|
|a (DE-599)BSZ402162587
|
| 040 |
|
|
|a DE-627
|b ger
|c DE-627
|e rakwb
|
| 041 |
|
|
|a ger
|
| 100 |
1 |
|
|a Lösel, Friedrich
|d 1945-
|0 (DE-588)12082759X
|0 (DE-627)080911617
|0 (DE-576)162022999
|4 aut
|
| 109 |
|
|
|a Lösel, Friedrich 1945-
|a Lösel, F. 1945-
|
| 245 |
1 |
0 |
|a Streß-Resistenz im Multiproblem-Milieu
|b Sind seelisch widerstandsfähige Jugendliche "Superkids"? = Stress resistance in a multiproblem milieu : Are psychologically resilient adolescents superkids?
|c Friedrich Lösel; Petra Kolip; Doris Bender
|
| 246 |
3 |
1 |
|a Stress resistance in a multiproblem milieu
|b Are psychologically resilient adolescents superkids?
|
| 264 |
|
1 |
|c 1992
|
| 336 |
|
|
|a Text
|b txt
|2 rdacontent
|
| 337 |
|
|
|a ohne Hilfsmittel zu benutzen
|b n
|2 rdamedia
|
| 338 |
|
|
|a Band
|b nc
|2 rdacarrier
|
| 700 |
1 |
|
|a Kolip, Petra
|d 1961-
|0 (DE-588)122038940
|0 (DE-627)081698402
|0 (DE-576)170264505
|4 aut
|
| 700 |
1 |
|
|a Bender, Doris
|d 1956-
|0 (DE-588)172864321
|0 (DE-627)69779332X
|0 (DE-576)17391778X
|4 aut
|
| 773 |
0 |
8 |
|i In
|t Zeitschrift für klinische Psychologie
|d Göttingen : Hogrefe, 1972
|g 21(1992), 1, Seite 48-63
|w (DE-627)129299936
|w (DE-600)121881-5
|w (DE-576)014492482
|x 0084-5345
|7 nnas
|
| 773 |
1 |
8 |
|g volume:21
|g year:1992
|g number:1
|g pages:48-63
|
| 951 |
|
|
|a AR
|
| ELC |
|
|
|b 1
|
| LOK |
|
|
|0 000 xxxxxcx a22 zn 4500
|
| LOK |
|
|
|0 001 3294556233
|
| LOK |
|
|
|0 003 DE-627
|
| LOK |
|
|
|0 004 1636817602
|
| LOK |
|
|
|0 005 20140311113535
|
| LOK |
|
|
|0 008 140311||||||||||||||||ger|||||||
|
| LOK |
|
|
|0 040
|a DE-21-110
|c DE-627
|d DE-21-110
|
| LOK |
|
|
|0 689
|a s
|a Jugendliche
|
| LOK |
|
|
|0 689
|a s
|a Psychische Gesundheit
|
| LOK |
|
|
|0 689
|a s
|a Resilienz
|
| LOK |
|
|
|0 689
|a s
|a Stressresistenz
|
| LOK |
|
|
|0 689
|a s
|a Multiproblem-Milieu
|
| LOK |
|
|
|0 689
|a s
|a Psychosoziale Schutzfaktoren
|
| LOK |
|
|
|0 852
|z Kein Bestand am IfK; Nachweis für KrimDok
|
| LOK |
|
|
|0 852
|a DE-21-110
|
| LOK |
|
|
|0 852 1
|m v
|9 00
|
| LOK |
|
|
|0 938
|k v
|
| LOK |
|
|
|0 939
|a 11-03-14
|b l01
|
| ORI |
|
|
|a SA-MARC-krimdoka001.raw
|